00804 2200265 4500001002100000005001700021008004100038020002200079035002400101082001000125090002200135100002500157245012900182260002700311300002700338440002200365500002800387650002600415700002700441850001600468980001400484985000600498999001600504990001800520YOGYA-0209000006900220090227093150.0 ind  a978-979-29-0181-8 0010-020900000069002 a910.4 a910.4bMuk SlDEP aMUKTIYONO, Herumanto aSeri hunting foto landscapebkeindahan yang tersembunyi waduk cengklikcHerumanto Moektijono ; editor, Agnes Heni Triyuliana aYogyakartabAndic2007 a74 hlmbilusc19x23 cm aSeri hunting foto aBibliografi : hlm. [74] aPariwisata, Indonesia aTriyuliana, Agnes Heni aYOPDYOG (M) a12-6-2008 a1 a070966CBD11 a44108-PD/B.08